Reglamento de distribución y uso de las aguas de la Acequia Condal, aprobado por S. M. en Real Orden de 12 de junio de 1846
Descripción Física:
16 p. ; 21 cm
Materias:
Aigua -- Utilització -- Normes
MARC
| LEADER | 00000nam a2200000Ia 4500 | ||
|---|---|---|---|
| 001 | 16051, 17503 | ||
| 008 | 160829s1846 xx 000 0 cat d | ||
| 080 | |a 842, exp. 1; RF-15-31 | ||
| 245 | |a Reglamento de distribución y uso de las aguas de la Acequia Condal, aprobado por S. M. en Real Orden de 12 de junio de 1846 | ||
| 260 | |a Barcelona : |b (Imprenta de D. Ramón Martín Indar), |c 1846 | ||
| 300 | |a 16 p. ; |c 21 cm | ||
| 590 | |a Apareix una paginació manuscrita que segueix la de la capsa, p. 133-140. Uns altres exemplars provenen de 447, exp. 6 | ||
| 650 | |a Aigua |x Utilització |x Normes |9 48638 | ||
| 856 | 4 | |u https://media.diba.cat/diba/fitxers/arxiu/fulletons/bib_17503_1846_baixa.pdf |y Accés lliure | |
| 856 | 4 | |u https://media.diba.cat/diba/fitxers/arxiu/fulletons/bib_17503_1846_baixa.pdf |y Accés lliure | |
| 901 | |a Arxiu | ||
| 942 | |n 1 |2 udc | ||
| 952 | |0 0 |1 0 |4 0 |6 842_EXP_1_RF1531 |7 1 |9 54720 |a Arxiu |b Arxiu |d 2016-12-01 |l 0 |o 842, exp. 1; RF-15-31 |p 16051, 17503 |r 2016-12-01 00:00:00 |w 2016-12-01 |y ARXIU | ||
| 999 | |c 58589 |d 58589 | ||
| 900 | |a bib_17503_1846_baixa.pdf | ||